000 00275nam a2200109Ia 4500
008 230907s9999||||xx |||||||||||||| ||und||
082 _a612.022
_bTER
100 _aTerman, Michael.
_9116120
245 0 _aReset your inner clock :
300 _axxxvi, 312 pages ;
942 _cBK
999 _c601114
_d601114